| Поле | Название | Значение |
| |
Тип записи |
a |
| |
Библиографический уровень |
m |
| 001 |
Контрольный номер |
3e52df97ecf24a2a8abb93abe4fcbba8 |
| 005 |
Дата корректировки |
20141008153300.0 |
| 010 |
Индекс ISBN |
__ |
| d |
Цена |
б/ц |
| 101 |
Язык документа |
0_ |
| a |
Язык текста |
rus |
| 102 |
Страна публикации |
__ |
| a |
Страна публикации |
RU |
| 200 |
Заглавие и сведения об ответственности |
1_ |
| a |
Заглавие |
Психология самопрезентации |
| b |
Общее обозначение материала |
Текст |
| e |
Сведения, относящиеся к заглавию |
учебно-метод. пособие |
| f |
Первые сведения об ответственности |
Н.А.Каримова |
| 210 |
Выходные данные |
1_ |
| a |
Место издания |
Ижевск |
| c |
Издательство |
Институт повышения квалификации и переподготовки работников образования УР |
| d |
Дата издания |
2012 |
| 215 |
Физическое описание |
__ |
| a |
Объем |
50 с. |
| 610 |
Ключевые слова |
0_ |
| a |
Ключевые слова |
самопрезентация |
| a |
Ключевые слова |
деловое общение |
| a |
Ключевые слова |
имидж |
| a |
Ключевые слова |
деловой этикет |
| a |
Ключевые слова |
публичное выступление |
| 686 |
Индексы других классификаций |
__ |
| a |
Классификационный индекс |
88.5 |
| 700 |
Автор |
_1 |
| a |
Фамилия |
Каримова Наталья Александровна |
| 801 |
Источник записи |
_0 |
| a |
Страна |
RU |
| b |
Организация |
РУК |
| g |
Правила каталогизации |
PSBO |
| 801 |
Источник записи |
_1 |
| a |
Страна |
RU |
| b |
Организация |
РУК |
| g |
Правила каталогизации |
PSBO |
| 852 |
Данные о местонахождении |
__ |
| i |
Авторский знак |
К 21 |
| j |
Шифр хранения |
88.5 |
| 901 |
Тип документа |
__ |
| t |
Тип документа |
m |
| 937 |
Технологическая информация |
__ |
| a |
Создатель записи (имя) |
ОрловаЛА |
| 938 |
Служебная информация |
__ |
| a |
Название организации |
Ижевский филиал |
| 952 |
Тип литературы |
__ |
| c |
Вид литературы |
учебно-методическое издание |